Handbook of nutrition and food

Salvato in:
Dettagli Bibliografici
Natura: Sách
Lingua:Undetermined
Pubblicazione:  CRC Press, Taylor & Francis Group  2014
Soggetti:
Tags: Aggiungi Tag
Nessun Tag, puoi essere il primo ad aggiungerne! !
Thư viện lưu trữ: Trung tâm Thư viện - Trường Đại học Công nghiệp TP. Hồ Chí Minh
LEADER 00517nam a2200133Ia 4500
001 UIH_02847
008 231011s9999 xx 000 0 und d
082 |a  612.3 
245 0 |a  Handbook of nutrition and food 
260 |b  CRC Press, Taylor & Francis Group 
260 |c  2014 
650 |a  Food; Nutritional Physiological Phenomena; Diet Therapy; Cẩm nang dinh dưỡng và thực phẩm;  
927 |a Sách 
980 |a Trung tâm Thư viện - Trường Đại học Công nghiệp TP. Hồ Chí Minh